Learning Resource and Development

Marketing and supply chain management : (Record no. 13064)

MARC details
000 -LEADER
fixed length control field 00979nam a22003017a 4500
005 - DATE AND TIME OF LATEST TRANSACTION
control field 20230512224059.0
008 - FIXED-LENGTH DATA ELEMENTS--GENERAL INFORMATION
fixed length control field 230210t xxu||||| |||| 00| 0 eng d
020 ## - INTERNATIONAL STANDARD BOOK NUMBER
International Standard Book Number 9781138181656
040 ## - CATALOGING SOURCE
Transcribing agency CSPC
050 0# - LIBRARY OF CONGRESS CALL NUMBER
Classification number HF5415.1263
082 0# - DEWEY DECIMAL CLASSIFICATION NUMBER
Classification number 658.7
Item number F716m
100 ## - MAIN ENTRY--PERSONAL NAME
Personal name Folinas, Dimitris,
Relator term author.
245 00 - TITLE STATEMENT
Title Marketing and supply chain management :
Remainder of title a systemic approach /
Statement of responsibility, etc. Dimitris Folinas and Thomas Fotiadis.
260 ## - PUBLICATION, DISTRIBUTION, ETC.
Place of publication, distribution, etc. Abingdon, Oxon:
Name of publisher, distributor, etc. Routledge,
Date of publication, distribution, etc. 2018.
300 ## - PHYSICAL DESCRIPTION
Extent xi, 232 pages :
Other physical details illustrations ;
Dimensions 25 cm.
336 ## - CONTENT TYPE
Source rdacontent
Content type term text
337 ## - MEDIA TYPE
Source rdamedia
Media type term unmediated
338 ## - CARRIER TYPE
Source rdacarrier
Carrier type term volume
500 ## - GENERAL NOTE
General note Includes index.
504 ## - BIBLIOGRAPHY, ETC. NOTE
Bibliography, etc. note Includes bibliographical references.
650 10 - SUBJECT ADDED ENTRY--TOPICAL TERM
Topical term or geographic name entry element Industrial marketing.
650 10 - SUBJECT ADDED ENTRY--TOPICAL TERM
Topical term or geographic name entry element Business logistics.
700 1# - ADDED ENTRY--PERSONAL NAME
Personal name Fotiadis, Thomas,
Relator term author.
940 ## - EQUIVALENCE OR CROSS-REFERENCE--UNIFORM TITLE [OBSOLETE] [CAN/MARC only]
Uniform title <a href="mae">mae</a>
942 ## - ADDED ENTRY ELEMENTS (KOHA)
Koha item type
-- CIR 658.7 F716m 2018
Holdings
Withdrawn status Lost status Damaged status Not for loan Home library Current library Shelving location Date acquired Total Checkouts Full call number Barcode Date last seen Copy number Price effective from Koha item type
        Main Library Main Library Circulation Section 05/12/2023   CIR 658.7 F716m 2018 025122 05/12/2023 1-2 05/12/2023 Books
        Main Library Main Library Circulation Section 05/12/2023   CIR 658.7 F716m 2018 025123 05/12/2023 2-2 05/12/2023 Books